000 00635nam a2200181Ia 4500
008 090630s9999 xx 000 0 und d
082 _b25399
100 _aराऊळ चंद्रहास.
245 _aमायेची उब.
_cराऊळ चंद्रहास.
260 _bविभासा पुस्तक महाल - पुणे.
_c2006
300 _a126
600 _aराऊळ चंद्रहास.
630 _aमायेची उब.
655 _aकादंबरी.
700 _aराऊळ चंद्रहास.
730 _aमायेची उब.
942 _cBOOK
999 _c277255
_d277255